MICROSOFT WORD 5.5, MADE EASY (Record no. 575396)
[ view plain ]
| 000 -LEADER | |
|---|---|
| fixed length control field | 00337nam a22001337a 4500 |
| 020 ## - INTERNATIONAL STANDARD BOOK NUMBER | |
| International Standard Book Number | 0-07-881714-5 |
| 082 ## - DEWEY DECIMAL CLASSIFICATION NUMBER | |
| Classification number | 005.3 HOF'M |
| 100 ## - MAIN ENTRY--PERSONAL NAME | |
| Personal name | HOFFMAN, PAUL |
| 9 (RLIN) | 67675 |
| 245 ## - TITLE STATEMENT | |
| Title | MICROSOFT WORD 5.5, MADE EASY |
| 260 ## - PUBLICATION, DISTRIBUTION, ETC. | |
| Place of publication, distribution, etc. | NEW YORK |
| Name of publisher, distributor, etc. | OSBORNE MCGRAW HILL |
| Date of publication, distribution, etc. | 1991 |
| 300 ## - PHYSICAL DESCRIPTION | |
| Extent | XXI,355 P |
| 650 ## - SUBJECT ADDED ENTRY--TOPICAL TERM | |
| Topical term or geographic name entry element | MICROSOFT WORD 5.5 |
| 9 (RLIN) | 67676 |
| 942 ## - ADDED ENTRY ELEMENTS (KOHA) | |
| Koha item type | Book |
| Withdrawn status | Lost status | Damaged status | Not for loan | Permanent Location | Current Location | Shelving location | Date acquired | Total Checkouts | Full call number | Barcode | Date last seen | Price effective from | Koha item type |
|---|---|---|---|---|---|---|---|---|---|---|---|---|---|
| College of Electrical & Mechanical Engineering (CEME) | College of Electrical & Mechanical Engineering (CEME) | General Stacks | 08/01/2017 | 005.3 HOF'M | CEME-27791 | 06/28/2021 | 06/28/2021 | Book |
